Campeões Brasileiros de Futebol Feminino - Statistics

Estatísticas Gerais
  • Esse quiz foi jogado 2 413 vezes
  • A pontuação média é 4 de 6
Estatísticas das Respostas
Ano Estado Time % Correto
2021, 2020, 2018 SP Corinthians
99%
2016 RJ Flamengo
95%
2017 SP Santos
93%
2019, 2014 SP Ferroviária
70%
2015 SP Rio Preto
14%
2013 SP Centro Olímpico
13%
Nenhum quiz correspondente encontrado
Distribuição das Pontuações
Porcentagem de Pessoas com Cada Pontuação
Percentil de Números Respondidos
Sua Pontuação Histórica
Você não jogou esse quiz